000 00484nam a2200181Ia 4500
003 OSt
005 20200707123234.0
008 190216s9999||||xx |||||||||||||| ||und||
020 _a8122900194
040 _coclc
082 _a956
_bYAL/N
100 _aYale, William
_93607
245 4 _aThe Near East /
_cWilliam Yale
260 _bSurjeet Publications,
_aDelhi:
_c1989.
300 _a485p
650 _aHistory
942 _cBK
_2ddc
_h956
_iYAL/N
_k956
_mYAL/N
999 _c21021
_d21021